000 00428nam a2200181Ia 4500
001 10160
005 20260306161811.0
008 260306t1967||||xx |||||||||||||| ||spa||
041 _aESP
082 _a901
_bT869C
100 _aToynbee, Arnold J.
_eAUT
245 0 _aLa civilización puesta a prueba
260 _c1967
300 _a198 pƔginas :
_c17 cm.
650 _aGEN
654 _aCHU
942 _cLIB
_dJUS
_fJUS
_2ddc
_n
999 _c10160
_d10160